Di bawah lindugan kaabah
| Main Author: | |
|---|---|
| Format: | Book |
| Published: |
Kuala Lumpur :
Penerbitan Pustaka Antara ,
1981
|
| Subjects: |
MARC
| LEADER | 00000cam a2200000 7i4500 | ||
|---|---|---|---|
| 001 | 0000062349 | ||
| 005 | 20160409.0 | ||
| 008 | 160409 | ||
| 090 | 0 | 0 | |a 899.8 |b HAM |
| 100 | 0 | |a Hamka | |
| 245 | 1 | 0 | |a Di bawah lindugan kaabah |c Hamka |
| 260 | |a Kuala Lumpur : |b Penerbitan Pustaka Antara , |c 1981 | ||
| 300 | |a 59 | ||
| 650 | 0 | |a Malay fiction | |
| 999 | |a 0000030997 |b Book |c Adult Collection |e Cawangan Muar | ||
| 999 | |a 000564616 |b Book |c Adult Collection |e Cawangan Muar | ||